How well do you know Matthew Gray Gubler? - Statistics

General Stats
  • This quiz has been taken 58 times
  • The average score is 17 of 22
Answer Stats
Hint Answer % Correct
What are his occupations? Actor
96%
What TV show is that character from? Criminal Minds
96%
What role is he best known for? Dr. Spencer Reid
96%
How long did the show run for? 15 seasons
94%
Author
91%
What voice acting is he best known for? Simon from Alvin and the Chipmunks
91%
If yes, how many? If no, put zero. 2
89%
What is his favorite holiday? Halloween
89%
Without looking what is his full name? Matthew Gray Gubler
87%
Does he have any siblings? Yes
87%
Where was he born? Las Vegas, Nevada
85%
When was he born? March 9,1980
85%
In the TV show mentioned above, he was on crutches because in real life he had injured himself. What body part did he injure? His left knee
83%
What is the name of his book? Rumple Buttercup: A Story of Bananas, Belonging, and Being Yourself
81%
How tall is he? 6’1”
79%
Director
79%
How did he injure it? By dancing
68%
Fashion model
66%
Illustrator
64%
Painter
36%
What is the name of the non-talking character make out of trash in the book? Candy Corn Carl
28%
Filmmaker
26%
No matching quizzes found
Score Distribution
Percent of People with Each Score
Percentile by Number Answered
Your Score History
You have not taken this quiz